Open economy macroeconomics (Registro nro. 5302)
[ vista simple ]
| 000 -LEADER | |
|---|---|
| fixed length control field | 01549 a2200217 4500 |
| 001 - CONTROL NUMBER | |
| control field | 53957 |
| 005 - DATE AND TIME OF LATEST TRANSACTION | |
| control field | 20260407155810.0 |
| 008 - FIXED-LENGTH DATA ELEMENTS--GENERAL INFORMATION | |
| fixed length control field | 260407a1980 arg spa d |
| 003 - CONTROL NUMBER IDENTIFIER | |
| control field | AR-UNSa-BCEJYS |
| 040 ## - CATALOGING SOURCE | |
| Original cataloging agency | AR-UNSa-BCEJYS |
| Language of cataloging | spa |
| Transcribing agency | AR-UNSa-BCEJYS |
| 080 ## - UNIVERSAL DECIMAL CLASSIFICATION NUMBER | |
| Universal Decimal Classification number | 330.101.541 |
| Common auxiliary subdivision | Macroeconomía |
| 020 ## - INTERNATIONAL STANDARD BOOK NUMBER | |
| International Standard Book Number | 0-06-350279-8 |
| 041 ## - LANGUAGE CODE | |
| Language code of text/sound track or separate title | spa |
| 100 1# - MAIN ENTRY--PERSONAL NAME | |
| Personal name | Dornbusch, Rudiger |
| 245 10 - TITLE STATEMENT | |
| Title | Open economy macroeconomics |
| 264 #1 - PRODUCTION, PUBLICATION, DISTRIBUTION, MANUFACTURE, AND COPYRIGHT NOTICE | |
| Place of production, publication, distribution, manufacture | New York : |
| Name of producer, publisher, distributor, manufacturer | Basic Books |
| Date of production, publication, distribution, manufacture, or copyright notice | 1980 |
| 300 ## - PHYSICAL DESCRIPTION | |
| Extent | ix, 293 p. |
| Dimensions | 23 cm. |
| 505 ## - FORMATTED CONTENTS NOTE | |
| Formatted contents note | Parte I: Introduction - 1. Modeling the open economy - 2. Some basic relations - Parte II: Employment,the trade balance,and relative prices - 3. Income determination and the trade balance - 4. Relative prices,equilibrium output,and the trade balance - 5. Intermediate goods and nontraded goods - 6. Home goods and traded goods: the dependent economy model - Parte III: Money and payments adjustment - 7. Money,prices,and payments adjustment - 8. Money,exchange rates,and employment - 9. Monetary and exchange rate policy for macroeconomic stability - Parte IX: Assets markets,capital mobility and stabilization policy - 10. Stabilization policy under fixed exchange rates and capital mobility - 11. Flexible exchange rates and capital mobility - 12. Monetary stabilization,intervention,and real appreciation - Parte V: Portfolio balance and the current account - 13. Exchange rates,assets markets,and the current account - 14. Growth,the balance of payments,and the exchange rate |
| 590 ## - LOCAL NOTE (RLIN) | |
| Local note | niveau_biblio:m niveau_hierar:0 |
| 942 ## - ADDED ENTRY ELEMENTS (KOHA) | |
| Koha item type | |
| Withdrawn status | Lost status | Damaged status | Not for loan | Home library | Current library | Shelving location | Date acquired | Total checkouts | Full call number | Barcode | Date last seen | Price effective from | Koha item type |
|---|---|---|---|---|---|---|---|---|---|---|---|---|---|
| Biblioteca Prof. Eusebio Cleto del Rey | Biblioteca Prof. Eusebio Cleto del Rey | 07/04/2026 | 330.101.541 D713o | L128508 | 07/04/2026 | 07/04/2026 | Libro |